000 00241nam a2200109Ia 4500
008 220120s9999||||xx |||||||||||||| ||und||
100 _aRontny
245 0 _aLast minuite study tips
260 _bBangalore
300 _b0
650 _aPHYSICS
999 _c136488
_d136488